01592cam a2200373 i 4500999001900000001000900019003000500028005001700033008004100050010001700091020002600108020002300134038001700157040002800174042000800202050002100210082001600231100005400247245015900301264004200460300002900502336002100531337002500552338002300577504006700600650003400667650005100701650005300752650005500805776019500860906004501055942001201100952010601112 c478365d47836518085525NUST20180523061231.0140328t20152015nju b 001 0 eng  a 2014007305 a9781118721407 (cloth) a1118721403 (cloth) aSNS Library  aDLCbengcDLCerdadDLC apcc00aQA387b.A77 201500a515.3532231 aArrigo, Daniel J.q(Daniel Joseph),d1960-91047510aSymmetry analysis of differential equations :ban introduction /cDaniel J. Arrigo, Department of Mathematics, University of Central Arkansas, Conway, AR. 1aHoboken, New Jersey :bWiley,c[2015] axiii, 176 pages ;c25 cm atext2rdacontent aunmediated2rdamedia avolume2rdacarrier aIncludes bibliographical references (pages 171-174) and index. 0aLie groupsvTextbooks.910476 0aLie groupsxStudy and teaching (Higher)910477 0aLie groupsxStudy and teaching (Graduate)910478 0aDifferential equations, PartialvTextbooks.91047908iOnline version:aArrigo, Daniel J. (Daniel Joseph), 1960-tSymmetry analysis of differential equationsdHoboken, New Jersey : John Wiley & Sons, Inc., [2014]z9781118721445w(DLC) 2014012733 a7bcbccorignewd1eecipf20gy-gencatlg 2ddccBK 00102ddc4070aSNSbSNSd2018-05-23l1o515.353pSNS0002458r2019-04-08s2019-03-15w2018-05-23yBK